| 000 | 00488nam a2200181Ia 4500 | ||
|---|---|---|---|
| 005 | 20250923144512.0 | ||
| 008 | 008 250917s9999 xx 000 0 eng d | ||
| 037 | _aTextual | ||
| 040 |
_aDSWL _beng _cDSWL |
||
| 041 |
_aeng _2eng |
||
| 084 | _qDSWL | ||
| 100 |
_aBriffault, Robert _9825535 |
||
| 245 | 0 |
_aMaking of humanity _cby Robert Briffault |
|
| 260 |
_aLondon _bGeorge Allen & Unwin Ltd _c1928 |
||
| 300 | _a371p. | ||
| 942 | _cTEXL | ||
| 999 |
_c1439735 _d1439735 |
||